Prognozirovanije ekologičeskich processov

Gespeichert in:
Bibliographische Detailangaben
Format: Buch
Veröffentlicht: Novosibirsk : Nauka, 1986
Tags: Tag hinzufügen
Keine Tags, Fügen Sie das erste Tag hinzu!

MARC

LEADER 00000nam a22000003a 4500
001 stu19948
005 20141122075604.6
008 ------s1986----xxr---------------------d
040 |a STU  |b slo 
041 0
044 |a xxr 
080 |a 502.7 
080 |a 574  |7 stu_us_auth*stu6094 
245 |a Prognozirovanije ekologičeskich processov 
260 |a Novosibirsk :  |b Nauka,  |c 1986 
300 |a 214 s :  |b Tab.,grafy,lit 
996 |b C78916  |c C*78916  |l CCXX  |s P  |a 0  |w stu19948_0001